Povrchové inžinierstvo /

Guardado en:
Detalles Bibliográficos
Autores principales: Drbúl, Mário (Autor), Šajgalík, Michal (Autor), Daniš, Igor, 1991- (Autor)
Formato: Libro
Lenguaje:eslovaco
Publicado: Žilina: Edis, 2019
Edición:1. vyd.
Materias:
Etiquetas: Agregar Etiqueta
Sin Etiquetas, Sea el primero en etiquetar este registro!

MARC

LEADER 00000nam a22000003a 4500
001 0091579
003 SK-STU
005 20230814134852.5
007 ta
008 211116s ----xo-----e------000-0-----d
020 |a 978-80-554-1566-6 
040 |a STU  |b slo 
041 0 |a slo  |h slo 
044 |a xo 
100 1 |a Drbúl, Mário  |4 aut 
245 1 0 |a Povrchové inžinierstvo /  |c aut. Mário Drbúl, Michal Šajgalík, Igor Daniš 
250 |a 1. vyd. 
260 |a Žilina:  |b Edis,  |c 2019 
300 |a 134 s. 
650 0 7 |a obrábanie 
650 0 7 |a rezné materiály 
650 0 7 |a povrchové obrábanie 
700 1 |a Šajgalík, Michal  |4 aut 
700 1 |a Daniš, Igor,  |d 1991-  |4 aut  |X 5635  |7 5635 
996 |b 284M088896  |c M* S-1729-1  |l MMKN  |s A  |a 24  |w 0091579_0001 
996 |b 284V038014  |c V* 43869/S-23  |l VVT  |s A  |a 24  |w 0091579_0002